Nenne einen Staat, ... - Statistiken

Allgemein
  • Dieses Quiz wurde 377 mal gespielt
    219 seit der letzten Aktualisierung
  • Das Durchschnittsergebnis liegt bei 8 aus 10
Antwortstatistiken
Hint Antwort % Korrekt
...der "und" in seinem Namen hat Antigua und Barbuda, Bosnien und Herzegowina, Burundi, São Tomé und Príncipe, St. Kitts und Nevis, St. Vincent und die Grenadinen, Trinidad und Tobago
96%
...der eine kleinere Fläche als Liechtenstein hat Vatikanstadt, Monaco, Nauru, Tuvalu, San Marino
96%
...dessen Hauptstadt mit R anfängt Marokko, Island, Saudi-Arabien, Lettland, Italien, Dominica
91%
...der kein a oder e im Namen hat. Burundi, Dschibuti, Fidschi, Kosovo, Osttimor, Togo
83%
...der einen Beobachterstatus bei den Vereinten Nationen haben Vatikanstadt/Heiliger Stuhl, Palästina
83%
...dessen Eigenname mit "al-" beginnt Bahrain, Algerien, Kuwait, Marokko, Jemen, Saudi-Arabien, Irak, Vereinigte Arabische Emirate
80%
...dessen Hauptstadt aus drei Wörtern besteht Andorra, Brunei, Chile, Haiti, Trinidad und Tobago
78%
...der unter den Top 5 der am häufigsten vergessenen Staaten im JetPunkt-Quiz "Länder der Erde" ist Salomonen, Nauru, Grenada, Vanuatu, São Tomé und Príncipe
70%
...dessen Status umstritten ist. Abchasien, Taiwan, Cookinseln, Kosovo, Niue, Nordzypern, Somaliland, Südossetien, Transnistrien, Westsahara
69%
...der unter den Top 5 der am dünnsten besiedelten Staaten ist Mongolei, Westsahara, Namibia, Australien, Suriname
66%
Keine übereinstimmenden Quizze gefunden
Verteilung der Resultate
Anzahl Personen mit jedem Resultat
Perzentil nach korrekt beantworteten Fragen
Ihre Resultats-Entwicklung
Sie haben dieses Quiz seit der letzten Aktualisierung nicht gespielt